International journal of politics, culture, and society

Detalles Bibliográficos
Título anterior:State, culture and society
Formato: Electrónico Revista
Lenguaje:inglés
Publicado: New York, NY : Human Sciences Press, 1987-
Materias:
Acceso en línea:Full text available from Research Library: 01/01/1997 to 12/31/2005
Full text available from Research Library: 01/01/2008 to 1 year ago

MARC

LEADER 00000nas a2200000 a 4500
001 ssj0006926
003 WaSeSS
005 20200512172242.0
006 m d
007 cr n
008 001012c19879999gw qr pss 0 a0eng c
010 |a  2005233988 
015 |a 17,O11  |2 dnb 
016 7 |a 2016011-2  |2 DE-600 
016 7 |a 020491123  |2 DE-101 
016 7 |a 012433517  |2 Uk 
022 |a 1573-3416  |l 0891-4486  |y 0891-4486 
035 |a (WaSeSS)ssj0006926 
040 |a IUA  |b eng  |e pn  |c IUA  |d OCLCQ  |d MUQ  |d OCLCQ  |d F#A  |d OCLCQ  |d GUA  |d EYM  |d HUL  |d OCLCQ  |d OCLCF  |d OCLCO  |d OCLCQ  |d DEBBG  |d OCLCA  |d GWDNB  |d GILDS  |d OCLCO  |d OCLCA  |d NTG  |d AU@  |d UKMGB  |d NJT  |d VT2  |d DLC  |d WaSeSS 
042 |a pcc 
050 0 0 |a JA76 
082 0 4 |a 306.2 
130 0 |a International journal of politics, culture, and society (Online) 
245 1 0 |a International journal of politics, culture, and society  |h [electronic resource]. 
246 1 3 |a Politics, culture, and society 
260 |a New York, NY :  |b Human Sciences Press,  |c 1987- 
310 |a Quarterly 
362 0 |a Vol. 1, no. 1 (fall 1987)- 
500 |a Title from cover (JSTOR, viewed Nov. 21, 2008). 
500 |a Published: Dordrecht : Kluwer Academic/Human Sciences Press, spring 1999-summer 2004; [Berlin] : Springer Science+Business Media, Dec. 2004- 
506 |a License restrictions may limit access. 
515 |a Some nos. combined. 
538 |a Mode of access: World Wide Web. 
588 |a Latest issue consulted: Vol. 32, no. 3 (Sept. 2019) (SpringerLink website, viewed Aug. 12, 2019). 
650 0 |a Political sociology  |v Periodicals. 
650 0 |a Culture  |v Periodicals. 
650 6 |a Sociologie politique  |v Périodiques. 
650 6 |a Culture  |v Périodiques. 
650 7 |a Culture.  |2 fast  |0 (OCoLC)fst00885059 
650 7 |a Political sociology.  |2 fast  |0 (OCoLC)fst01069877 
655 0 |a Electronic journals. 
776 0 8 |i Print version:  |t International journal of politics, culture, and society  |x 0891-4486  |w (DLC) 88647721  |w (OCoLC)14781350 
780 0 0 |t State, culture and society  |w (DLC) 2008234467  |w (OCoLC)276175196 
850 |a DLC 
856 4 0 |z Full text available from Research Library: 01/01/1997 to 12/31/2005  |u https://search.proquest.com/publication/54077 
856 4 0 |z Full text available from Research Library: 01/01/2008 to 1 year ago  |u https://search.proquest.com/publication/54077